Größte Städte Südamerikas - Statistiken

Allgemein
  • Dieses Quiz wurde 445 mal gespielt
  • Das Durchschnittsergebnis liegt bei 12 aus 20
Antwortstatistiken
Platz Land Einwohnerzahl Land % Korrekt
3. Rio de Janeiro 13,37 Mio. Brasilien
98%
2. Buenos Aires 15,06 Mio. Argentinien
97%
5. Lima 10,55 Mio. Peru
96%
6. Santiago de Chile 4,84 Mio. Chile
95%
4. Bogotá 10,78 Mio. Kolumbien
94%
7. Brasília 4,56 Mio. Brasilien
94%
1. Sao Paulo 20,88 Mio. Brasilien
93%
9. Caracas 3 Mio. Venezuela
88%
13. Belo Horizonte 2,37 Mio. Brasilien
64%
8. Medellín 3,97 Mio. Kolumbien
61%
17. Manaus 1,6 Mio. Brasilien
54%
18. Recife 1,48 Mio. Brasilien
46%
10. Cali 2,75 Mio. Kolumbien
45%
19. Córdoba 1,43 Mio. Argentinien
40%
12. Fortaleza 2,4 Mio. Brasilien
40%
11. Salvador da Bahia 2,71 Mio. Brasilien
37%
20. Belém 1,41 Mio. Brasilien
32%
15. Guayaquil 1,95 Mio. Ecuador
29%
16. Curitiba 1,72 Mio. Brasilien
27%
14. Maracaibo 2,23 Mio. Venezuela
21%
Keine übereinstimmenden Quizze gefunden
Verteilung der Resultate
Anzahl Personen mit jedem Resultat
Perzentil nach korrekt beantworteten Fragen
Ihre Resultats-Entwicklung
Sie haben dieses Quiz noch nicht gespielt